History Quiz

Random History or Nation Quiz

Countries of the Austrian Empire Quiz Stats

Quiz Updated Oct 14, 2016

Also try: States of Austria
Challenge
Share
Tweet
Embed
Score 0/27 Timer 07:00
5 Plays Today
Year in Empire Modern Country % Correct
1301-1866Germany
97.4%
1156-presentAustria
95.3%
1382-1918Italy
94.8%
1526-1918Hungary
93.9%
1301-1805France
92.7%
1526-1918Poland
91.5%
1526-1918Czechia
88.4%
1230-1803Switzerland
88.1%
1526-1918Slovakia
86.5%
1706-1715Spain
84.1%
1873-1926Russia
84%
1551-1918Romania
83.1%
1688-1918Serbia
82.3%
1270-1918Slovenia
82.2%
Year in Empire Modern Country % Correct
1471-1918Croatia
80.7%
1716-1794Netherlands
78.5%
1714-1795Belgium
78.4%
1775-1918Ukraine
77.2%
1878-1919Bosnia and Herzegovina
71%
1713-1795Luxembourg
70.9%
1916-1918Albania
69.8%
1797-1918Montenegro
68.2%
1499-1712Liechtenstein
67.9%
1683-1918Kosovo
61.9%
1902-1917China
25.5%
1723-1784India
20.6%
1878-1880Malaysia
7.7%

You're not logged in!

Compare scores with friends on all Sporcle quizzes.
Sign Up with Email
OR
Log In

You Might Also Like...

Show Comments

Extras

Top Quizzes Today


Score Distribution

Your Account Isn't Verified!

In order to create a playlist on Sporcle, you need to verify the email address you used during registration. Go to your Sporcle Settings to finish the process.